000 00428nam a2200169 a 4500
001 0000-9314
003 ELIB.Books
008 110520 1943
035 _a(ELIB.Books)0000-9466
082 _a251
_bVer
100 _aVersteeg, John M.
245 _aWhen Christ Controls
260 _bNashville: Abingdon- Cokesbury Press
_c1943
650 _aPreaching
942 _2ddc
_cBK
998 _cbat
_e2011-05-20
999 _c9314
_d9314